[Event "AChIP06"]
[Site "Paris"]
[Date "????.??.??"]
[Round "1.11"]
[White "Lacrosse, Marc"]
[Black "Marechal, Pascal"]
[Result "1/2-1/2"]
[WhiteElo "2225"]
[BlackElo "1978"]
[PlyCount "83"]

1. d4 Nf6 2. c4 c5 3. d5 b5 4. cxb5 a6 5. bxa6 Bxa6 6. Nc3 g6 7. Nf3 d6 8. g3
Bg7 9. Bg2 O-O 10. Rb1 Nbd7 11. b3 Ng4 12. Bb2 Qa5 13. Qd2 Nge5 14. Nxe5 Nxe5
15. f4 Ng4 16. h3 Nf6 17. O-O Nh5 18. Kh2 Rfb8 19. g4 Nf6 20. Rfd1 c4 21. Ba1
cxb3 22. Rxb3 Bc4 23. Rxb8+ Rxb8 24. e4 Nd7 25. e5 Nc5 26. Ne4 Qxa2 27. Qxa2
Bxa2 28. Nxc5 dxc5 29. d6 exd6 30. exd6 Bxa1 31. Rxa1 Be6 32. Rc1 Rd8 33. Rxc5
Rxd6 34. Rc3 Kg7 35. Kg3 Rb6 36. h4 Rb3 37. Rxb3 Bxb3 38. Kf2 h6 39. g5 f6 40.
Ke3 hxg5 41. hxg5 fxg5 42. fxg5 1/2-1/2

[Event "AChIP06"]
[Site "Paris"]
[Date "????.??.??"]
[Round "1.13"]
[White "Vansuypeene, Frederic"]
[Black "Lebrun, Xavier"]
[Result "0-1"]
[WhiteElo "1978"]
[BlackElo "2220"]
[PlyCount "46"]

1. d4 Nf6 2. c4 g6 3. Nc3 Bg7 4. e4 d6 5. Nf3 O-O 6. Be2 e5 7. dxe5 dxe5 8.
Qxd8 Rxd8 9. Bg5 Re8 10. Nd5 Nxd5 11. cxd5 c6 12. Bc4 b5 13. Bb3 Bb7 14. O-O h6
15. Bh4 cxd5 16. Bxd5 Bxd5 17. exd5 e4 18. Nd2 Bxb2 19. Rae1 f5 20. f3 g5 21.
Bf2 Bc3 22. Re2 Bxd2 23. Rxd2 e3 0-1

[Event "AChIP06"]
[Site "Paris"]
[Date "????.??.??"]
[Round "1.14"]
[White "Baron, Thierry"]
[Black "Hassine, Daniel"]
[Result "1-0"]
[WhiteElo "2219"]
[BlackElo "1975"]
[PlyCount "75"]

1. e4 d5 2. exd5 Nf6 3. Bb5+ Bd7 4. Bc4 Bg4 5. f3 Bf5 6. Nc3 c6 7. dxc6 Nxc6 8.
Nge2 e5 9. d3 Bc5 10. Ng3 Be6 11. Bxe6 fxe6 12. Nge4 Nxe4 13. Nxe4 Bb6 14. Bg5
Qd4 15. c3 Qd5 16. Qe2 O-O 17. Be3 Bxe3 18. Qxe3 Rfd8 19. Nf2 b5 20. a3 a5 21.
O-O b4 22. axb4 axb4 23. Rfd1 Qb3 24. Qd2 bxc3 25. bxc3 Qd5 26. Ne4 h6 27. Rab1
Ra2 28. Rb2 Rxb2 29. Qxb2 Rb8 30. Qa3 Rb3 31. Qa4 Rb2 32. Qc4 Rc2 33. Ra1 Na5
34. Qa6 Nb3 35. Qc8+ Kh7 36. Nf6+ gxf6 37. Ra7+ Kg6 38. Qg8+ 1-0

[Event "AChIP06"]
[Site "Paris"]
[Date "????.??.??"]
[Round "1.15"]
[White "De Lagontrie, Jean"]
[Black "Cruz Alvarez De Ron, Dan"]
[Result "0-1"]
[WhiteElo "1974"]
[BlackElo "2219"]
[PlyCount "114"]

1. d4 g6 2. c4 Bg7 3. Nc3 d6 4. e4 Nd7 5. f4 e5 6. fxe5 dxe5 7. dxe5 Qe7 8. Nf3
Nxe5 9. Be2 Nxf3+ 10. Bxf3 c6 11. O-O Be6 12. Qe2 Qc5+ 13. Be3 Bd4 14. Bxd4
Qxd4+ 15. Qf2 Qxf2+ 16. Rxf2 Bxc4 17. e5 Ne7 18. Ne4 O-O 19. Nd6 Ba6 20. Be4
Nc8 21. Rd1 Nxd6 22. exd6 Rad8 23. d7 Bc4 24. b4 Be6 25. Rfd2 Kg7 26. b5 Bg4
27. bxc6 bxc6 28. Bf3 Bxf3 29. gxf3 f5 30. Rd6 Rf7 31. Kf2 Rf6 32. Rxf6 Kxf6
33. Rd6+ Ke5 34. Rxc6 Rxd7 35. Ra6 Rd2+ 36. Kg3 f4+ 37. Kh3 Rd3 38. Rxa7 Rxf3+
39. Kg2 Rc3 40. Rxh7 Rc2+ 41. Kf3 Rxa2 42. h4 Ra3+ 43. Kf2 Kf5 44. Rg7 Rh3 45.
Rh7 g5 46. h5 g4 47. Rh8 Kg5 48. Rg8+ Kxh5 49. Rg7 Rh2+ 50. Kg1 Ra2 51. Rf7 f3
52. Rh7+ Kg5 53. Rb7 Kf4 54. Rb1 g3 55. Rc1 Ke3 56. Rb1 Ke2 57. Rc1 Rd2 0-1

[Event "AChIP06"]
[Site "Paris"]
[Date "????.??.??"]
[Round "2.11"]
[White "Lebrun, Xavier"]
[Black "Gousseinov, Aguif"]
[Result "1-0"]
[WhiteElo "2220"]
[BlackElo "2049"]
[PlyCount "37"]

1. e4 e5 2. Nf3 Nf6 3. Bc4 Nxe4 4. Nc3 Nxc3 5. dxc3 f6 6. Nh4 g6 7. f4 d6 8. f5
Bxf5 9. Nxf5 gxf5 10. Qh5+ Kd7 11. Qxf5+ Ke8 12. Qe6+ Be7 13. Qf7+ Kd7 14. Be6+
Kc6 15. Be3 Nd7 16. Bd5+ Kb5 17. Bc4+ Ka4 18. b3+ Ka5 19. b4+ 1-0

[Event "AChIP06"]
[Site "Paris"]
[Date "????.??.??"]
[Round "2.13"]
[White "Cruz Alvarez De Ron, Dan"]
[Black "Chauvet, Nicolas"]
[Result "1-0"]
[WhiteElo "2219"]
[BlackElo "2044"]
[PlyCount "59"]

1. g3 f5 2. Bg2 Nf6 3. d3 d6 4. c4 g6 5. b4 Bg7 6. Bb2 c6 7. a4 Qc7 8. a5 O-O
9. Nd2 e5 10. Qc2 Bh6 11. Ngf3 Nbd7 12. h4 Rb8 13. Ng5 Re8 14. e4 Nf8 15. c5
Bg7 16. cxd6 Qxd6 17. Qb3+ Be6 18. Nc4 Qc7 19. Nxe6 Rxe6 20. Bxe5 Qd8 21. Bxb8
Qxb8 22. O-O fxe4 23. dxe4 Kh8 24. Rad1 h6 25. e5 Ng8 26. f4 Ne7 27. Bh3 Nf5
28. Qd3 Re7 29. Bxf5 gxf5 30. Qd8 1-0

[Event "AChIP06"]
[Site "Paris"]
[Date "????.??.??"]
[Round "2.14"]
[White "Baillon, Olivier"]
[Black "Feuga, Quentin"]
[Result "0-1"]
[WhiteElo "2207"]
[BlackElo "2038"]
[PlyCount "104"]

1. e4 e6 2. d4 d5 3. e5 c5 4. c3 Qb6 5. Nf3 Nc6 6. a3 Bd7 7. b4 cxd4 8. cxd4
Rc8 9. Bb2 Na5 10. Nbd2 Nc4 11. Nxc4 dxc4 12. Rc1 Qa6 13. d5 exd5 14. Qxd5 Be6
15. Qe4 Ne7 16. Nd4 b5 17. Be2 Bd5 18. Qe3 g6 19. O-O Bg7 20. f4 Qb6 21. Rf2
O-O 22. f5 gxf5 23. Qg3 Be6 24. Qg5 Ng6 25. Nxf5 Bxf5 26. Qxf5 Rce8 27. Kf1
Bxe5 28. Bxe5 Rxe5 29. Qb1 Rfe8 30. Rc3 Qe6 31. Qc2 Re3 32. g3 Rxc3 33. Qxc3
Qe5 34. Qf3 Re7 35. Kg1 Rc7 36. Bd1 c3 37. Bb3 Kg7 38. Kg2 f6 39. h4 Qd4 40. h5
Ne7 41. Re2 f5 42. Kh3 h6 43. Bc2 Qg4+ 44. Qxg4+ fxg4+ 45. Kxg4 Rc4+ 46. Kf3
Nc6 47. Ke3 Nd4 48. Rf2 Nxc2+ 49. Rxc2 Kf6 50. Ke2 Kg5 51. Kf3 Kxh5 52. g4+ Kg5
0-1

[Event "AChIP06"]
[Site "Paris"]
[Date "????.??.??"]
[Round "2.15"]
[White "Hoarau, David"]
[Black "Giroux, Fabrice"]
[Result "0-1"]
[WhiteElo "2070"]
[BlackElo "2204"]
[PlyCount "38"]

1. d4 Nf6 2. Bg5 d5 3. Bxf6 gxf6 4. g3 c6 5. Nf3 Qb6 6. b3 Bg4 7. Bg2 Nd7 8.
O-O e6 9. c4 Bxf3 10. c5 Bxe2 11. Qxe2 Qb4 12. Rd1 Bg7 13. Nd2 O-O 14. Nf3 b6
15. Qa6 Rfd8 16. a3 Qxb3 17. Rab1 Qc4 18. Qxc4 dxc4 19. Nd2 c3 0-1

[Event "AChIP06"]
[Site "Paris"]
[Date "????.??.??"]
[Round "3.11"]
[White "Mehaibia, Azzedine"]
[Black "Gautier, Serge"]
[Result "1/2-1/2"]
[WhiteElo "2179"]
[BlackElo "2114"]
[PlyCount "33"]

1. e4 c5 2. Nf3 Nc6 3. d4 cxd4 4. Nxd4 Nf6 5. Nc3 e5 6. Ndb5 d6 7. a4 a6 8. Na3
Bg4 9. Be2 Bxe2 10. Qxe2 Nd4 11. Qd3 d5 12. O-O dxe4 13. Nxe4 Be7 14. Nc4 Qc7
15. Ne3 Rd8 16. Nxf6+ Bxf6 17. Qe4 1/2-1/2

[Event "AChIP06"]
[Site "Paris"]
[Date "????.??.??"]
[Round "3.12"]
[White "Gidel, Jean-Louis"]
[Black "Quach, Charlie"]
[Result "1-0"]
[WhiteElo "2173"]
[BlackElo "2112"]
[PlyCount "111"]

1. c4 g6 2. g3 Bg7 3. Bg2 e5 4. Nc3 d6 5. e4 c6 6. Nge2 f5 7. d3 Nf6 8. O-O O-O
9. exf5 Bxf5 10. d4 Nbd7 11. h3 Nb6 12. b3 Re8 13. Be3 d5 14. dxe5 Rxe5 15. Bd4
Re8 16. c5 Nbd7 17. g4 Bxg4 18. hxg4 Nxg4 19. Qd3 Bxd4 20. Qxd4 Qh4 21. Qf4 Rf8
22. Qg3 Qxg3 23. fxg3 Nxc5 24. b4 Nd3 25. b5 Ne3 26. Rxf8+ Kxf8 27. Bh1 Ke7 28.
Nf4 Nxf4 29. gxf4 Kd6 30. Kf2 Nc2 31. Rd1 Rf8 32. Kg3 Ne3 33. Rd3 Nf5+ 34. Kg4
Kc5 35. bxc6 bxc6 36. Nd1 Re8 37. Bf3 h6 38. Ra3 Re1 39. Kh3 Nd4 40. Nf2 Nxf3
41. Nd3+ Kc4 42. Nxe1 Nxe1 43. Kg3 Nc2 44. Ra6 Nb4 45. Rxa7 d4 46. Kf3 Kc3 47.
a3 Nd5 48. Ra6 c5 49. Rxg6 d3 50. Rd6 Ne7 51. Kf2 Kc2 52. a4 c4 53. a5 Nf5 54.
Rd7 Kc3 55. a6 d2 56. a7 1-0

[Event "AChIP06"]
[Site "Paris"]
[Date "????.??.??"]
[Round "3.13"]
[White "Cochard, Sebastien"]
[Black "Poelstra, Bernard"]
[Result "1/2-1/2"]
[WhiteElo "2165"]
[BlackElo "2083"]
[PlyCount "30"]

1. e4 e5 2. Nf3 Nf6 3. Nxe5 d6 4. Nf3 Nxe4 5. d4 d5 6. Bd3 Bg4 7. O-O Nc6 8.
Re1 Be7 9. c3 f5 10. Nbd2 Nxd2 11. Bxd2 O-O 12. Qc1 Bxf3 13. gxf3 Bd6 14. Bf4
Qf6 15. Kh1 Rae8 1/2-1/2

[Event "AChIP06"]
[Site "Paris"]
[Date "????.??.??"]
[Round "3.14"]
[White "Feuga, Quentin"]
[Black "Debeaune, Robin"]
[Result "1-0"]
[WhiteElo "2038"]
[BlackElo "2150"]
[PlyCount "67"]

1. d4 Nf6 2. c4 c5 3. e3 e6 4. Nc3 Be7 5. Nf3 O-O 6. Bd3 a6 7. O-O d6 8. Qc2
Nbd7 9. a3 b6 10. e4 cxd4 11. Nxd4 Bb7 12. f4 Rc8 13. b4 b5 14. Qe2 bxc4 15.
Bc2 Qc7 16. g4 g6 17. g5 Nh5 18. Qg4 e5 19. Nf5 gxf5 20. Qxh5 Qb6+ 21. Rf2 d5
22. exd5 Qg6 23. Qh3 e4 24. Nxe4 f6 25. Rg2 fxe4 26. gxf6 Nxf6 27. Bxe4 Nxe4
28. Rxg6+ hxg6 29. Qe6+ Rf7 30. Qxe4 c3 31. Ra2 Rd8 32. Rg2 Bxd5 33. Qxg6+ Kh8
34. Qh5+ 1-0

[Event "AChIP06"]
[Site "Paris"]
[Date "????.??.??"]
[Round "3.15"]
[White "Leroux, Richard"]
[Black "Vialatte, Jean-Charles"]
[Result "0-1"]
[WhiteElo "2150"]
[BlackElo "2091"]
[PlyCount "122"]

1. d4 e6 2. Nf3 d5 3. c4 c6 4. Nc3 Nf6 5. e3 Ne4 6. Nxe4 dxe4 7. Nd2 f5 8. Be2
Bd6 9. O-O Qh4 10. f4 O-O 11. c5 Bc7 12. b4 Nd7 13. b5 cxb5 14. Bxb5 Nf6 15. g3
Qh3 16. Re1 Nd5 17. Qb3 Rd8 18. Nf1 Rb8 19. Bd2 Bd7 20. Bxd7 Rxd7 21. Qa4 b5
22. Qxa7 Re7 23. Qa6 Qh5 24. Rab1 Qe8 25. Rb2 Ra8 26. Qxb5 Qxb5 27. Rxb5 Rxa2
28. Reb1 Re8 29. R1b2 Ra1 30. Kf2 Rea8 31. Ke2 Kf7 32. Rb1 R1a3 33. R5b3 Ra2
34. R1b2 Ra1 35. Be1 Rc1 36. Bd2 Rca1 37. Rc2 Kg6 38. Bc3 Nxc3+ 39. Rbxc3 Rb8
40. g4 Rbb1 41. Ng3 Ba5 42. gxf5+ exf5 43. Rc4 h5 44. c6 h4 45. Nxf5 Kxf5 46.
c7 Bxc7 47. Rxc7 Rh1 48. R2c5+ Kg6 49. R7c6+ Kh7 50. Kd2 Rxh2+ 51. Kc3 Rc1+ 52.
Kb3 Rxc5 53. Rxc5 g6 54. Rc1 Re2 55. Rh1 Rxe3+ 56. Kc4 h3 57. Kd5 Kg7 58. Ke6
Rd3 59. d5 e3 60. d6 e2 61. d7 Re3+ 0-1

[Event "AChIP06"]
[Site "Paris"]
[Date "????.??.??"]
[Round "4.11"]
[White "Licayan, Albert"]
[Black "Derieux, Christian"]
[Result "0-1"]
[WhiteElo "2195"]
[BlackElo "2145"]
[PlyCount "86"]

1. d4 Nf6 2. c4 c5 3. d5 e6 4. Nc3 exd5 5. cxd5 d6 6. Nf3 g6 7. g3 Bg7 8. Bg2
O-O 9. O-O Re8 10. Re1 Ne4 11. Nxe4 Rxe4 12. Nd2 Re8 13. e4 b5 14. Rb1 Nd7 15.
b3 Ne5 16. Qc2 Ba6 17. f4 Ng4 18. Bb2 c4 19. h3 Qb6+ 20. Kh1 Nf2+ 21. Kh2 Bxb2
22. Qxb2 Nd3 23. Qf6 Nxe1 24. Rxe1 Rac8 25. Nf3 cxb3 26. axb3 Rc2 27. Ng5 Rf8
28. h4 b4 29. Rg1 Qf2 30. Qa1 Rc3 31. Qe1 Qxe1 32. Rxe1 Rxb3 33. e5 dxe5 34.
fxe5 Bb7 35. Ne4 Rb2 36. Kg1 Rxg2+ 37. Kxg2 Bxd5 38. Kf2 Bxe4 39. Rxe4 Rb8 40.
Re1 b3 41. Ke3 b2 42. Rb1 a5 43. Kd3 a4 0-1

[Event "AChIP06"]
[Site "Paris"]
[Date "????.??.??"]
[Round "4.12"]
[White "Gautier, Serge"]
[Black "Montabord, Manuel"]
[Result "1/2-1/2"]
[WhiteElo "2114"]
[BlackElo "2192"]
[PlyCount "53"]

1. e4 c5 2. Nf3 d6 3. d4 cxd4 4. Nxd4 Nf6 5. Nc3 a6 6. Bc4 e6 7. Bb3 b5 8. Qf3
Qc7 9. O-O Be7 10. Qg3 Nc6 11. Nxc6 Qxc6 12. Re1 Bb7 13. a3 Rd8 14. f3 O-O 15.
Bh6 Ne8 16. Rad1 Kh8 17. Bg5 Nf6 18. Kh1 h6 19. Be3 Nd7 20. Qh3 Bf6 21. Ne2 Nc5
22. Nd4 Bxd4 23. Bxd4 Kh7 24. Qg4 Rg8 25. Bd5 Qc7 26. Bxb7 Qxb7 27. Qg3 1/2-1/2

[Event "AChIP06"]
[Site "Paris"]
[Date "????.??.??"]
[Round "4.14"]
[White "Bes, Stephane"]
[Black "Legrand, Stephane"]
[Result "1-0"]
[WhiteElo "2179"]
[BlackElo "2120"]
[PlyCount "91"]

1. d4 Nf6 2. c4 e6 3. Nf3 d5 4. g3 Be7 5. Bg2 O-O 6. Qc2 c6 7. O-O b6 8. b3 Bb7
9. Nbd2 Nbd7 10. e4 Rc8 11. Bb2 Qc7 12. Rfe1 Qb8 13. Rad1 Qa8 14. Ne5 Nxe5 15.
dxe5 Ng4 16. h3 Nh6 17. Qb1 Rfd8 18. Kh2 Bb4 19. Re2 Bxd2 20. Rexd2 dxc4 21.
bxc4 c5 22. Rd6 Rxd6 23. Rxd6 f5 24. exf6 e5 25. fxg7 Nf7 26. Rd7 Bc6 27. Rd2
Rd8 28. Rxd8+ Qxd8 29. Qc2 Qd6 30. Qc3 Qd4 31. Qc2 Qd6 32. Qe2 a6 33. Qe3 b5
34. f4 exf4 35. gxf4 Qe7 36. e5 Bxg2 37. Kxg2 Qe6 38. Qe4 bxc4 39. f5 Qd7 40.
Qa8+ Nd8 41. Bc3 Qxg7+ 42. Kf2 Qf8 43. Qd5+ Nf7 44. e6 Qe7 45. exf7+ Kf8 46. f6
1-0

[Event "AChIP06"]
[Site "Paris"]
[Date "????.??.??"]
[Round "5.11"]
[White "Lacrosse, Marc"]
[Black "Gautier, Serge"]
[Result "1/2-1/2"]
[WhiteElo "2225"]
[BlackElo "2114"]
[PlyCount "38"]

1. d4 d5 2. c4 Nc6 3. Nc3 Nf6 4. Nf3 dxc4 5. e4 Bg4 6. Be3 e6 7. Bxc4 Bb4 8.
Qc2 O-O 9. Rd1 Bxf3 10. gxf3 Nh5 11. d5 Ne5 12. dxe6 Qf6 13. exf7+ Kh8 14. Bb3
Qxf3 15. Kd2 Nf4 16. Kc1 c5 17. Bd5 Bxc3 18. bxc3 Nxd5 19. exd5 b6 1/2-1/2

[Event "AChIP06"]
[Site "Paris"]
[Date "????.??.??"]
[Round "5.12"]
[White "Bourges, Jerome"]
[Black "Cruz Alvarez De Ron, Dan"]
[Result "1/2-1/2"]
[WhiteElo "2077"]
[BlackElo "2219"]
[PlyCount "93"]

1. d4 e6 2. c4 Nf6 3. g3 c5 4. Nf3 cxd4 5. Nxd4 Qc7 6. Bg2 Bb4+ 7. Nc3 a6 8.
Qd3 Nc6 9. Nxc6 bxc6 10. O-O O-O 11. b3 d5 12. Bb2 Bb7 13. Rac1 Qe7 14. e4 Rfd8
15. exd5 cxd5 16. cxd5 Nxd5 17. Nxd5 Bxd5 18. Qd4 Qf8 19. Bxd5 Rxd5 20. Qc4 a5
21. Rfd1 Rad8 22. Rxd5 Rxd5 23. Qa6 Rd8 24. Qb7 Bc5 25. Qc6 Bb4 26. Qb7 Qd6 27.
Rc8 h6 28. Qa8 Rxc8 29. Qxc8+ Kh7 30. Qc2+ f5 31. Qe2 Kg8 32. Qe5 Qe7 33. Bd4
Qd7 34. h4 Bd6 35. Qe3 Kf7 36. Qc3 Kg6 37. h5+ Kh7 38. Bb6 Bb4 39. Qd4 Qe8 40.
Qe5 Qxh5 41. Bxa5 Bxa5 42. Qxa5 Qe2 43. b4 f4 44. gxf4 Qg4+ 45. Kf1 Qd1+ 46.
Kg2 Qg4+ 47. Kf1 1/2-1/2

[Event "AChIP06"]
[Site "Paris"]
[Date "????.??.??"]
[Round "5.13"]
[White "Baillot, Patrice"]
[Black "Baillon, Olivier"]
[Result "0-1"]
[WhiteElo "2013"]
[BlackElo "2207"]
[PlyCount "104"]

1. d4 e6 2. Nf3 b6 3. Bg5 f6 4. Bf4 Bb7 5. e3 Ne7 6. Bd3 d6 7. Nbd2 Qd7 8. Qe2
g5 9. Bg3 h5 10. h3 Nbc6 11. Ne4 Bg7 12. Nc3 Nb4 13. Bb5 c6 14. Ba4 Nf5 15. a3
Nxg3 16. fxg3 Na6 17. O-O-O Nc7 18. e4 b5 19. Bb3 Qe7 20. Rhe1 O-O-O 21. d5
exd5 22. exd5 Qxe2 23. Rxe2 c5 24. Re7 Rd7 25. Rde1 c4 26. Ba2 f5 27. Nd1 Bf6
28. Rxd7 Kxd7 29. c3 g4 30. Nh4 Bg5+ 31. Kc2 Bxh4 32. gxh4 Bxd5 33. hxg4 hxg4
34. g3 Ne6 35. Nf2 Bf3 36. Rg1 Ng7 37. Kd2 Re8 38. Nd1 Re2+ 39. Kc1 Nh5 40. Bb1
Ke6 41. Bc2 d5 42. a4 a6 43. axb5 axb5 44. b3 Ke5 45. bxc4 bxc4 46. Ba4 Be4 47.
Nb2 Rg2 48. Rxg2 Bxg2 49. Be8 Nxg3 50. Nd1 Kf4 51. Kd2 Ne4+ 52. Ke1 Bf3 0-1

[Event "AChIP06"]
[Site "Paris"]
[Date "????.??.??"]
[Round "5.14"]
[White "Montabord, Manuel"]
[Black "Quach, Charlie"]
[Result "0-1"]
[WhiteElo "2192"]
[BlackElo "2112"]
[PlyCount "98"]

1. e4 c5 2. Nc3 e6 3. Nge2 Nc6 4. g3 g6 5. d4 Qb6 6. d5 Nd4 7. Bg2 Bg7 8. O-O
Ne7 9. Rb1 Nxe2+ 10. Nxe2 exd5 11. exd5 d6 12. b4 O-O 13. Bd2 Nf5 14. bxc5 Qxc5
15. Bb4 Qc7 16. Rb3 a5 17. Bd2 Bd7 18. Rb1 b5 19. a3 Rfc8 20. Be4 Qc4 21. Bg2
Qxc2 22. Rc1 Qxd1 23. Rfxd1 Rxc1 24. Rxc1 Bb2 25. Rc7 Be8 26. Bc1 Bxc1 27. Rxc1
b4 28. axb4 axb4 29. Rb1 Rb8 30. Be4 Bd7 31. Rb2 h5 32. Kf1 Bb5 33. Bxf5 gxf5
34. Kg1 Bxe2 35. Rxe2 b3 36. Rb2 f4 37. gxf4 Kg7 38. Kg2 Kf6 39. Kg3 Kf5 40.
Kf3 Rb4 41. Kg3 Ke4 42. Kh4 Kd3 43. Kg5 Kc3 44. Rb1 Kc2 45. Rh1 b2 46. Kf6
Rxf4+ 47. Ke7 Rxf2 48. Kxd6 b1=Q 49. Rxb1 Kxb1 0-1

[Event "AChIP06"]
[Site "Paris"]
[Date "????.??.??"]
[Round "5.15"]
[White "Mehaibia, Azzedine"]
[Black "Vialatte, Jean-Charles"]
[Result "0-1"]
[WhiteElo "2179"]
[BlackElo "2091"]
[PlyCount "66"]

1. e4 e6 2. d4 d5 3. Nc3 Bb4 4. e5 c5 5. Bd2 Nh6 6. Nb5 Bxd2+ 7. Qxd2 O-O 8.
Nf3 f6 9. exf6 Rxf6 10. dxc5 Nd7 11. Qb4 e5 12. O-O-O e4 13. Ng5 a6 14. Nc3 Rf5
15. Ne6 Qe7 16. Nc7 Qg5+ 17. Kb1 Rb8 18. N7xd5 Kh8 19. h4 Qh5 20. Be2 Qf7 21.
Qd4 Ne5 22. Nxe4 Nc6 23. Qd2 Qe6 24. Ng5 Qe8 25. Bc4 Qf8 26. Rhe1 Rxf2 27. Qxf2
Qxf2 28. Re8+ Ng8 29. Nf6 Be6 30. Bxe6 gxf6 31. Rxb8 Nxb8 32. Nf7+ Kg7 33. h5
Qe2 0-1

[Event "AChIP06"]
[Site "Paris"]
[Date "????.??.??"]
[Round "6.11"]
[White "Moussard, Jules"]
[Black "L'Henoret, Thierry"]
[Result "1/2-1/2"]
[WhiteElo "2178"]
[BlackElo "2118"]
[PlyCount "147"]

1. e4 c5 2. Nf3 Nc6 3. c4 e5 4. Nc3 Nf6 5. d3 h6 6. Be2 d6 7. O-O Be7 8. a3 a6
9. Rb1 Rb8 10. b4 cxb4 11. axb4 b5 12. cxb5 axb5 13. d4 exd4 14. Nxd4 Nxd4 15.
Qxd4 Bd7 16. Bf4 Qb6 17. Rfd1 O-O 18. Bxd6 Bxd6 19. Qxd6 Rfc8 20. Qxb6 Rxb6 21.
e5 Rxc3 22. exf6 Bf5 23. Rd8+ Kh7 24. fxg7 Kxg7 25. Rbd1 Rb3 26. R8d5 Be6 27.
Rxb5 Rxb5 28. Bxb5 Rxb4 29. Be2 Rb2 30. Kf1 Bb3 31. Rc1 Bd5 32. f3 Be6 33. Kf2
Kf6 34. Ke3 Rb3+ 35. Kf4 Rb2 36. Bf1 Rb4+ 37. Kg3 Rb3 38. Rc6 Kg7 39. Rd6 Rc3
40. Bd3 Rc1 41. Be4 Rc5 42. h4 Rh5 43. Rb6 Ra5 44. Rd6 Rh5 45. Rd8 Ra5 46. Kf4
Ra4 47. Rd6 Bc8 48. Kg3 Rb4 49. Rd5 Bb7 50. Re5 Bxe4 51. Rxe4 Rb2 52. Kh3 Rb3
53. Kg4 Rb5 54. Kf4 Kg6 55. g4 Rb3 56. Ra4 Rb1 57. Rc4 Ra1 58. Rc6+ Kg7 59. Rc5
Rh1 60. h5 Ra1 61. Kf5 Rf1 62. f4 Rh1 63. Re5 Rg1 64. Re4 Rh1 65. Ke5 Ra1 66.
Rd4 Re1+ 67. Kf5 Rh1 68. Rd3 Rh2 69. Ke4 Rh4 70. Rg3 Rh1 71. Rg2 Rh3 72. Ke5
Re3+ 73. Kf5 Rh3 74. Re2 1/2-1/2

[Event "AChIP06"]
[Site "Paris"]
[Date "????.??.??"]
[Round "6.12"]
[White "Vialatte, Jean-Charles"]
[Black "Gidel, Jean-Louis"]
[Result "1-0"]
[WhiteElo "2091"]
[BlackElo "2173"]
[PlyCount "75"]

1. d4 g6 2. c4 Bg7 3. Nc3 d6 4. e4 e5 5. d5 h5 6. Be2 a5 7. Nf3 Bh6 8. Nd2 Nd7
9. b3 Nc5 10. O-O Nf6 11. Qc2 Ng4 12. h3 Nf6 13. a3 h4 14. Rb1 Bd7 15. b4 axb4
16. axb4 Na4 17. Nb5 Bxb5 18. cxb5 Nb6 19. Nb3 Bxc1 20. Rfxc1 Kd7 21. Na5 Qb8
22. Rb3 Ne8 23. Bg4+ Ke7 24. Qd2 f6 25. f4 Nd7 26. Qe2 exf4 27. Bxd7 Kxd7 28.
Qg4+ Ke7 29. Rbc3 Rh7 30. b6 Kf8 31. bxc7 Rxc7 32. Rxc7 Nxc7 33. Qxg6 Ne8 34.
Qh6+ Kf7 35. Qxf4 Qa7+ 36. Kh1 Qb6 37. Nc4 Ke7 38. Nxb6 1-0

[Event "AChIP06"]
[Site "Paris"]
[Date "????.??.??"]
[Round "6.13"]
[White "Sonter, Matthew"]
[Black "Feuga, Quentin"]
[Result "1-0"]
[WhiteElo "2169"]
[BlackElo "2038"]
[PlyCount "83"]

1. e4 e6 2. d4 d5 3. Nc3 Nf6 4. Bg5 Bb4 5. e5 h6 6. Bd2 Bxc3 7. bxc3 Ne4 8. Qg4
Kf8 9. Bd3 Nxd2 10. Kxd2 c5 11. h4 Nc6 12. Rh3 c4 13. Bf1 Rb8 14. Ne2 b5 15. a3
a5 16. Rg3 Rg8 17. Nf4 Ne7 18. Nh5 Nf5 19. Rh3 Qe7 20. Qf4 b4 21. g4 Nxh4 22.
Nf6 bxc3+ 23. Ke1 Nf3+ 24. Rxf3 gxf6 25. exf6 Qa7 26. Qxh6+ Ke8 27. Qg7 Rf8 28.
Rh3 Qxd4 29. Qxf8+ Kd7 30. Qxf7+ Kc6 31. Be2 Qd2+ 32. Kf1 Qxc2 33. Qe8+ Kb6 34.
f7 Qb2 35. f8=Q Qxa1+ 36. Kg2 c2 37. Qd6+ Ka7 38. Rh7+ Rb7 39. Rxb7+ Kxb7 40.
Qec6+ Ka7 41. Qdc7+ Bb7 42. Q7xb7# 1-0

[Event "AChIP06"]
[Site "Paris"]
[Date "????.??.??"]
[Round "6.14"]
[White "Gaulupeau, Pascal"]
[Black "Aurel, Luc"]
[Result "0-1"]
[WhiteElo "1939"]
[BlackElo "2158"]
[PlyCount "50"]

1. d4 Nf6 2. c4 Nc6 3. Nf3 e6 4. g3 d6 5. Bg2 g6 6. Nc3 Bg7 7. O-O O-O 8. Re1
a6 9. e4 e5 10. dxe5 dxe5 11. Nd5 Bg4 12. Qd3 Bxf3 13. Bxf3 Nd4 14. Bg2 Nd7 15.
Qc3 c6 16. Ne3 a5 17. b4 axb4 18. Qxb4 Qc7 19. Rb1 Rfb8 20. Qc3 Rxa2 21. Rb2
Rxb2 22. Bxb2 Ra8 23. Qc1 Nc5 24. Bxd4 exd4 25. Ng4 Nd3 0-1

[Event "AChIP06"]
[Site "Paris"]
[Date "????.??.??"]
[Round "6.15"]
[White "Jablonski, Noham"]
[Black "Gautier, Serge"]
[Result "1-0"]
[WhiteElo "2254"]
[BlackElo "2114"]
[PlyCount "63"]

1. e4 c5 2. Nf3 Nc6 3. Bb5 g6 4. O-O Bg7 5. h3 e5 6. Bxc6 dxc6 7. d3 Qe7 8. Be3
Nf6 9. Nbd2 Nd7 10. Nc4 Nf8 11. Qd2 f6 12. Qa5 Ne6 13. b4 b5 14. Nb6 Rb8 15.
Nxc8 Rxc8 16. bxc5 Nxc5 17. c4 a6 18. Rfd1 f5 19. Rac1 Nxd3 20. Rxd3 fxe4 21.
Bg5 Bf6 22. Bxf6 Qxf6 23. Re3 exf3 24. Rxf3 Qe6 25. Qxa6 bxc4 26. Re1 Kd7 27.
Rd1+ Ke8 28. Rd6 Qxd6 29. Qxc8+ Qd8 30. Qxc6+ Qd7 31. Qf6 Rg8 32. Qxe5+ 1-0

[Event "AChIP06"]
[Site "Paris"]
[Date "????.??.??"]
[Round "7.11"]
[White "L'Henoret, Thierry"]
[Black "Pozdnjakov, Viatcheslav"]
[Result "0-1"]
[WhiteElo "2118"]
[BlackElo "2192"]
[PlyCount "98"]

1. d4 d5 2. Nf3 c6 3. e3 Nf6 4. Bd3 Bg4 5. Nbd2 Nbd7 6. O-O e5 7. dxe5 Nxe5 8.
Be2 Ned7 9. c4 Be7 10. b3 O-O 11. Bb2 a5 12. a3 Qc7 13. Nd4 Bxe2 14. Qxe2 Rfe8
15. Nf5 Bf8 16. Rac1 dxc4 17. Nxc4 g6 18. Nd4 Bg7 19. Rfd1 Nb6 20. Nxb6 Qxb6
21. Rd3 Rad8 22. Rcd1 Ne4 23. b4 axb4 24. axb4 Ra8 25. f3 Nf6 26. Bc3 Nd5 27.
Qd2 Ra3 28. Kf2 Nxc3 29. Rxc3 Qxb4 30. Rxa3 Qxa3 31. Rb1 Qe7 32. Rb3 Qh4+ 33.
Kg1 Bxd4 34. g3 Bxe3+ 35. Rxe3 Qd8 36. Rxe8+ Qxe8 37. f4 Qe7 38. g4 b5 39. f5
Kg7 40. Qc3+ Qf6 41. Qc5 h5 42. h3 hxg4 43. hxg4 gxf5 44. gxf5 Kh6 45. Kh2 Qh4+
46. Kg2 Qe4+ 47. Kh2 Kg5 48. Kg3 f6 49. Kh2 Qe5+ 0-1

[Event "AChIP06"]
[Site "Paris"]
[Date "????.??.??"]
[Round "7.12"]
[White "Gouanelle, Franck"]
[Black "Bes, Stephane"]
[Result "1/2-1/2"]
[WhiteElo "2121"]
[BlackElo "2179"]
[PlyCount "110"]

1. e4 c5 2. Nf3 d6 3. Bb5+ Nd7 4. O-O a6 5. Bxd7+ Bxd7 6. c3 Nf6 7. Re1 Bc6 8.
d4 cxd4 9. cxd4 Bxe4 10. Bg5 d5 11. Nc3 e6 12. Bxf6 gxf6 13. Nxe4 dxe4 14. Rxe4
Qd5 15. Qc2 Bd6 16. Rae1 Ke7 17. Qd3 Rac8 18. a3 h5 19. Rh4 Rcg8 20. Qe4 Qxe4
21. Rhxe4 Rg4 22. g3 Rxe4 23. Rxe4 f5 24. Re2 Kf6 25. Rc2 Rd8 26. Kf1 f4 27.
Ke2 Kf5 28. Rc3 f6 29. Nd2 Bb8 30. Rc5+ Kg6 31. Nf3 Rd7 32. Rc8 Ba7 33. Rg8+
Kf7 34. Rh8 Kg6 35. Rg8+ Kf7 36. Rh8 Kg6 37. Rg8+ Kf7 38. Rh8 fxg3 39. hxg3 Kg6
40. Rg8+ Kh7 41. Re8 Kg6 42. Rxe6 Bxd4 43. Nxd4 Rxd4 44. Re7 b5 45. Re6 a5 46.
Rb6 Rd5 47. b3 Kf5 48. Ra6 b4 49. axb4 axb4 50. Rb6 Rd4 51. Ke3 Re4+ 52. Kf3
Rd4 53. Rb5+ Kg6 54. Ke3 Rg4 55. Rb8 Kg7 1/2-1/2

[Event "AChIP06"]
[Site "Paris"]
[Date "????.??.??"]
[Round "7.13"]
[White "Landie, Thibault"]
[Black "Moussard, Jules"]
[Result "1-0"]
[WhiteElo "2094"]
[BlackElo "2178"]
[PlyCount "91"]

1. e4 g6 2. Nc3 Bg7 3. f4 c6 4. d3 d5 5. Nf3 Nf6 6. e5 Ng4 7. h3 Nh6 8. d4 Nf5
9. g4 Ng3 10. Rg1 Nxf1 11. Kxf1 e6 12. Kg2 f6 13. Qe1 fxe5 14. fxe5 O-O 15. Ne2
c5 16. c3 Nc6 17. Rb1 Qa5 18. a3 Qb5 19. Nf4 cxd4 20. cxd4 Qc4 21. Qc3 b5 22.
Be3 Qxc3 23. bxc3 a6 24. h4 Ne7 25. Ng5 Bh6 26. Nd3 Nc6 27. Rh1 Bg7 28. h5 h6
29. Nf3 g5 30. Nxg5 hxg5 31. h6 Bh8 32. h7+ Kg7 33. Bxg5 Kg6 34. Rh5 Ra7 35.
Rbh1 Raf7 36. Be3 Rg7 37. Rh6+ Kf7 38. Rf6+ Ke7 39. Rxf8 Kxf8 40. Bh6 Nd8 41.
Nf4 Kf7 42. g5 Nc6 43. Bxg7 Kxg7 44. Rh6 Ne7 45. Rf6 Nf5 46. g6 1-0

[Event "AChIP06"]
[Site "Paris"]
[Date "????.??.??"]
[Round "7.14"]
[White "Cochard, Sebastien"]
[Black "Olivier, Philippe"]
[Result "1/2-1/2"]
[WhiteElo "2165"]
[BlackElo "2119"]
[PlyCount "33"]

1. e4 e6 2. d4 d5 3. Nc3 Bb4 4. Nge2 dxe4 5. a3 Bxc3+ 6. Nxc3 Nc6 7. Bb5 Nge7
8. Nxe4 O-O 9. c3 e5 10. Bxc6 Nxc6 11. d5 Ne7 12. c4 f5 13. Nc3 f4 14. g4 f3
15. h3 Ng6 16. Qd3 Qh4 17. Qf1 1/2-1/2